[Event "PRO League Stage"]
[Site "Chess.com INT"]
[Date "2019.01.16"]
[Round "2"]
[White "Cervantes Landeiro, Thalia"]
[Black "Bloomer, Josh S"]
[Result "1/2-1/2"]
[WhiteElo "2159"]
[BlackElo "1950"]
[PlyCount "84"]
[EventDate "2019.01.08"]
[EventType "team-swiss (rapid)"]
[EventRounds "10"]
[EventCountry "USA"]
[SourceTitle "CBM 188 Extra"]
[Source "ChessBase"]
[SourceDate "2019.02.26"]
[SourceVersion "1"]
[SourceVersionDate "2019.02.26"]
[SourceQuality "1"]
[WhiteTeam "Webster Windmills"]
[BlackTeam "Saint Louis Arch Bishops"]
[WhiteTeamCountry "USA"]
[BlackTeamCountry "USA"]

1. d4 Nf6 2. c4 g6 3. f3 Bg7 4. e4 d6 5. Nc3 0-0 6. Nge2 Nc6 7. Be3 a6 8. Qd2 Rb8 9. d5 Ne5 10. Nd4 c5 11. dxc6 bxc6 12. f4 c5 13. Nb3 Nc6 14. Be2 a5 15. 0-0 a4 16. Nxa4 Nxe4 17. Qd5 Nf6 18. Qd1 Nb4 19. Nc3 Bf5 20. Rc1 Ne4 21. g4 Nxc3 22. bxc3 Nxa2 23. gxf5 Nxc1 24. Nxc1 Bxc3 25. fxg6 hxg6 26. f5 Kg7 27. Bd3 Bd4 28. Bxd4+ cxd4 29. Qg4 Qa5 30. fxg6 f6 31. Ne2 Rb3 32. Nxd4 Qa7 33. Kh1 Rxd3 34. Ne6+ Kg8 35. Nxf8 Qb7+ 36. Kg1 Qb6+ 37. Kh1 Qc6+ 38. Kg1 Qc5+ 39. Kh1 Qc6+ 40. Kg1 Qc5+ 41. Kh1 Qc6+ 42. Kg1 Qc5+ 1/2-1/2

[Event "PRO League Stage"]
[Site "Chess.com INT"]
[Date "2019.01.16"]
[Round "2"]
[White "Nyzhnyk, Illya"]
[Black "Bloomer, Josh S"]
[Result "1-0"]
[WhiteElo "2624"]
[BlackElo "1950"]
[PlyCount "77"]
[EventDate "2019.01.08"]
[EventType "team-swiss (rapid)"]
[EventRounds "10"]
[EventCountry "USA"]
[SourceTitle "CBM 188 Extra"]
[Source "ChessBase"]
[SourceDate "2019.02.26"]
[SourceVersion "1"]
[SourceVersionDate "2019.02.26"]
[SourceQuality "1"]
[WhiteTeam "Webster Windmills"]
[BlackTeam "Saint Louis Arch Bishops"]
[WhiteTeamCountry "USA"]
[BlackTeamCountry "USA"]

1. d4 Nf6 2. c4 g6 3. Nc3 Bg7 4. e4 d6 5. Nf3 0-0 6. h3 e5 7. dxe5 dxe5 8. Qxd8 Rxd8 9. Bg5 Na6 10. Nd5 Rd6 11. Bxf6 Bxf6 12. b4 Bd8 13. c5 Re6 14. Bc4 c6 15. Ne3 Re8 16. a3 Nc7 17. 0-0-0 a5 18. Kb2 Be6 19. Bxe6 Nxe6 20. Nc4 axb4 21. axb4 Nd4 22. Nxd4 exd4 23. e5 Bc7 24. Rhe1 Reb8 25. Rxd4 b6 26. Rd7 Bd8 27. e6 Bf6+ 28. Kc2 bxc5 29. exf7+ Kf8 30. Nd6 Ra2+ 31. Kb3 Rb2+ 32. Kc4 R2xb4+ 33. Kxc5 Bd4+ 34. Kxc6 R4b6+ 35. Kd5 Rxd6+ 36. Kxd6 Bxf2 37. Re8+ Rxe8 38. fxe8Q+ Kxe8 39. Rxh7 1-0